The lads in action : social process in an urban youth subculture
Αποθηκεύτηκε σε:
| Κύριος συγγραφέας: | |
|---|---|
| Μορφή: | Βιβλίο |
| Γλώσσα: | English |
| Δημοσίευση: |
Hampshire :
Arena,
1994
|
| Σειρά: | Popular cultural studies ;
; 3 |
| Θέματα: | |
| Ετικέτες: |
Προσθήκη ετικέτας
Δεν υπάρχουν, Καταχωρήστε ετικέτα πρώτοι!
|
MARC
| LEADER | 00000cam a2200000 i 4500 | ||
|---|---|---|---|
| 001 | 1/12697 | ||
| 008 | 971023s1994 eng d | ||
| 020 | |a 1-85742-204-X | ||
| 035 | |1 ΠΑΡ |a 1997 |l 10018723 | ||
| 040 | |a GR-MY-UA |b gre |e aacr | ||
| 041 | 0 | |a eng | |
| 082 | 0 | |a 306.4 | |
| 100 | 1 | |a Moore, David. | |
| 245 | 1 | 4 | |a The lads in action : |b social process in an urban youth subculture / |c David Moore |
| 260 | |a Hampshire : |b Arena, |c 1994 | ||
| 300 | |a 161 p. |b fig. | ||
| 490 | 1 | |a Popular cultural studies |v ; 3 | |
| 504 | |a Includes bibliographical references and index | ||
| 650 | 0 | 0 | |a Sociology, Urban. |
| 650 | 0 | 0 | |a Urban youth. |
| 650 | 0 | 0 | |a Youth |x Conduct of life. |
| 830 | 0 | |a Popular cultural studies ; |v ; 3 | |
| 852 | |a INST |b LESVOS |e 19971023 |h 306.4 MOO |p 005100015483 |q 005100015483 |t BK |y 0 | ||
| 852 | |a INST |b LESVOS |e 20000201 |h 306.4 MOO |p 005100021317 |q 005100021317 |t BK |y 0 | ||
| 909 | |a Λ |b 050740 | ||
| 909 | |a Λ |b 070275 | ||
| 922 | |a 1ΕΛΗ |b 199912 |c ΚΠΣ/ΤΚΑ |d LEADER | ||
| 950 | |a 117-1999-07-27 | ||
| 970 | |a ΚΑΜΑΤΣΟΥ |b ΔΕΣΠΟΙΝΑ |z 1999/11/11 | ||